000 01381nac a22003011i 4500
003 EG-ScBUE
005 20260316105229.0
008 260316s1995 nyua f b 001 0 eng d
020 _a0486287114 (pbk.)
020 _a9780486287119
040 _aEG-ScBUE
_beng
_erda
_cEG-ScBUE
_dEG-ScBUE
082 0 4 _a549
_bPEA
_222
100 1 _aPearl, Richard Maxwell,
_eauthor.
245 1 0 _a1001 questions answered about the mineral kingdom /
_cRichard M. Pearl.
246 3 _aOne thousand and one questions answered about the mineral kingdom
246 3 _aOne thousand-one questions answered about the mineral kingdom
250 _aDover edition.
264 1 _aNew York :
_bDover,
_c1995.
300 _a326 pages :
_billustrations ;
_c22 cm
336 _2rdacontent
_atext
_btxt
337 _aunmediated
_2rdamedia
_bn
338 _avolume
_bnc
_2rdacarrier
500 _a"A slightly altered republication of the revised edition (1968) of the work originally published by Dodd, Mead, & Company, New York, in 1959. For the Dover edition, a Note has been added, eight black-and-white photos which appeared in the original have not been included, and the list of mineral magazines (Question 976) has been updated"--T.p. verso.
504 _aIncludes bibliographical references and index.
650 7 _aMinerals
_xMiscellanea.
_2BUEsh
655 _vReading book
942 _cBB
_2ddc
999 _c9386
_d9386